|
|
|
|
| LEADER |
02000nem a22004572a 4500 |
| 001 |
mzk03001060238 |
| 003 |
CZ BrMZK |
| 005 |
20110912125903.0 |
| 007 |
aj|ca||| |
| 008 |
080214q17231735gw ij|||||a|||r|0|||gerod |
| 034 |
1 |
|
|a a
|b 930000
|d E0105300
|e E0124930
|f N0525150
|g N0511537
|
| 040 |
|
|
|a BOA001
|b cze
|
| 043 |
|
|
|a e-gx---
|
| 072 |
|
7 |
|a 912:904
|x Staré mapy
|2 Konspekt
|9 7
|
| 080 |
|
|
|a (084.3)
|2 MRF
|
| 080 |
|
|
|a (430.246)
|2 MRF
|
| 080 |
|
|
|a (430.248)
|2 MRF
|
| 080 |
|
|
|a 912.43:069.5
|2 MRF
|
| 100 |
1 |
|
|a Weigel, Johann Christoph,
|d 1661-1726
|7 mzk2006356134
|4 aut
|
| 245 |
1 |
4 |
|a Das Hertzogthum Magdeburg mit seinen abgetheilten Provintzien
|h [kartografický dokument]
|
| 255 |
|
|
|a Měřítko [ca 1:930 000]. 4,1 cm = 5 Teut: Meilen auff einen Grad gerechnet
|c (010°53´00" v.d.--012°49´30" v.d./052°51´50" s.š.--051°15´37" s.š.)
|
| 260 |
|
|
|a [Nürnberg :
|b Johann Christoph Weigel,
|c mezi 1723 a 1735]
|
| 300 |
|
|
|a 1 mapa :
|b mědirytina, ručně kolorovaná, podlepená papírem ;
|c 17 x 13,5 cm na listu 18,5 x 15 cm
|
| 500 |
|
|
|a Podlepeno papírem o velikosti 58 x 65 cm
|
| 500 |
|
|
|a Výzdoba: V levém horním rohu ozdobná nápisová kartuše, v levém dolním rohu pole s legendou, v mapovém rámci geografické souřadnice
|
| 510 |
3 |
|
|a IKAR
|
| 510 |
4 |
|
|a Kuchař, K. Mapová sbírka B.P. Molla,
|c s. 431
|
| 655 |
|
7 |
|a historické mapy
|7 fd186723
|2 czenas
|
| 650 |
0 |
4 |
|a Mollova mapová sbírka
|
| 650 |
0 |
7 |
|a mapové sbírky
|z Česko
|7 ph182407
|2 czenas
|
| 610 |
2 |
7 |
|a Moravská zemská knihovna (Brno, Česko).
|b Mapová sbírka B.P. Molla
|7 mzk2005304487
|2 czenas
|
| 651 |
|
7 |
|a Magdeburg (Německo : oblast)
|7 ge232870
|2 czenas
|
| 651 |
|
7 |
|a Sasko (Německo)
|7 ge128571
|2 czenas
|
| 856 |
4 |
1 |
|u http://mapy.mzk.cz/mzk03/001/060/238/2619268221
|y Digitalizovaný dokument
|
| 903 |
|
|
|a RP
|
| 910 |
|
|
|a BOA001
|b Moll-0005.431
|
| 978 |
|
|
|b Weigel, Johann Christoph
|a Nürnberg
|c 1723-1735
|
| 984 |
|
|
|a Norimberk
|b Německo
|
| 985 |
|
|
|a 1701-1750
|
| 990 |
|
|
|a MP
|
| 991 |
|
|
|k mzk
|